000 02753njm0a22005291 4500
001 RU\NLR\ONIZ\196516
005 20260504062752.0
035 _a(NLR Aleph) 010404276
035 _aRU\NLR\ONIZ\GALA\5000002813\20110225194186
071 0 0 _aCDMAN 111
090 _a13282007
_c13282007
100 _a20110225d1997 |||y0rusy50 ca
102 _aRU
126 _aaguxhxu ux
_bxxx
127 _a000055
135 _ahonoannnanndn
200 1 _aПер Гюнт
_bЗвукозапись
_dPeer Gynt
_eсюиты № 1, 2
_eиз музыки к драме Ибсена "Пер Гюнт"
_eop. 46, op. 55
_zeng
210 _aС.-Петерб.
_cМанчестер
_d1997
215 _a1 зв. диск (55 мин.), в футл.
_eприл. (2 с.)
225 1 _aClassical Gallery
225 1 _aПопулярная классическая музыка
300 _aЗаписи1993 г.
325 _aКопия доступна в Электрон. б-ке РНБ
423 0 _12001#$aИз времён Хольберга$eсюита$eop. 40$fЭ. Григ$g[оба произв.] исполн.: Акад. симф. орк. Санкт-Петерб. филарм., дир. В. Альтшулер
_1686##$aЩ951.1-043(4Нр)$vLBC/SL$2rubbk
_tИз времён Хольберга
686 _aЩ951.1-043я44(4Нр)
_vLBC/SL
_2rubbk
700 1 _4230
_8rus
_7ca
_aГриг
_bЭ.
_f1843-1907
_gЭдвард
_3RU\NLR\AUTH\77110520
_993445
702 1 _9z07790
_aАльтшулер
_bВ. А.
_cдирижер
_f1946-
_gВладимир Абрамович
_4250
702 1 _4070
_8rus
_7ca
_aИбсен
_bГ.
_gГенрик
_f1828-1906
_3RU\NLR\AUTH\7729701
_912729
702 1 _aАльтшулер
_bВ. А.
_cдирижер
_f1946-
_gВладимир Абрамович
_4250
712 0 2 _aAcademic Symphony Orchestra of ST. Peterburg Philharmony
_4590
712 0 2 _aАкадемический симфонический оркестр Санкт-Петербургской филармонии
_4590
790 1 _9z01700
_aGrieg
_bE.
_f1843-1907
_gEdward
_4230
790 1 _9z07702
_aAltschuler
_bV.
_cconductor
_f1946-
_gVladimir
_4250
790 1 _9z08702
_aIbsen
_bH. J.
_f1828-1906
_gHenrik Johan
_4070
801 0 _aRU
_bNLR
_c20110225
_gPSBO
801 1 _aRU
_bNLR
_c20110225
_2rusmarc
801 2 _aRU
_bNLR
_c20151105
852 _aNLR
_bМг
_jД/1175
_p2719
_t1
856 0 _uhttp://vivaldi.nlr.ru/mk000000283/view
856 1 _uhttp://vivaldi.nlr.ru/mk000000283/cover
856 2 _uhttp://vivaldi.nlr.ru/mk000000283/text
942 _cREC
980 _aNB
980 _aONIZ
981 2 4 _a(24) Нотные издания и аудиозаписи
_b(24) Грампластинки